Chamber works. Vol. 8 /

Bibliographic Details
Main Author: Dvořák, Antonín, 1841-1904
Corporate Author: Panochovo kvarteto
Format: CD Audio
Published: Prague : Supraphon, [1996]
Subjects:

MARC

Tag First Indicator Second Indicator Subfields
LEADER 00000cjm a2200000Ia 4500
001 in00001689331
005 20151024143140.0
007 sd fsngnn---ed
008 970225p19961994xr zzn d
024 1 |a 9992514582 (v. 8) 
024 1 |a 099925145026 (set) 
028 0 2 |a 11 1458-2 131  |b Supraphon (v. 8) 
028 0 0 |a SU 11 1450-2 130  |b Supraphon (set) 
028 0 0 |a 11 1450-2 130  |b Supraphon 
035 |a (OCoLC)ocm36442790 
040 |a MPI  |c MPI  |d TXA  |d UtOrBLW 
041 0 |g eng  |g ger  |g fre  |g cze 
048 |a sa02  |a sb01  |a sc01 
049 |a TXAM 
090 |a M178.D99  |b C46 v. 8 
100 1 |a Dvořák, Antonín,  |d 1841-1904. 
240 1 0 |a Quartets,  |m violins (2), viola, cello.  |k Selections 
245 1 0 |a Chamber works.  |n Vol. 8 /  |c Antonín Dvořák. 
246 1 |i Title on container:  |a String quartets Nos. 11 & 12 "American" ; Quartet movement 
246 3 |a Quartet movement 
264 1 |a Prague :  |b Supraphon,  |c [1996] 
264 4 |c ℗1996 
300 |a 1 sound disc (73:00) :  |b digital, stereo. ;  |c 4 3/4 in. 
306 |a 003708  |a 000916  |a 002623 
336 |a performed music  |b prm  |2 rdacontent 
337 |a audio  |b s  |2 rdamedia 
338 |a audio disc  |b sd  |2 rdacarrier 
500 |a Compact disc. 
511 0 |a Panocha Quartet (Jiří Panocha, 1st violin ; Pavel Zejfart, 2nd violin ; Miroslav Sehnoutka, viola ; Jaroslav Kulhan, violoncello). 
518 |a Recorded at the Domovina Studio, Prague, Dec. 11-13, 1995 (1st work), May 27, 1994 (2nd work), and Dec. 15-16, 1994 (3rd work). 
500 |a Issued in 2000 in 15-CD set entitled: Complete chamber works. 
500 |a Program notes in English, German, French, and Czech inserted in container. 
505 0 |a String quartet no. 11 in C major, op 61, B. 121 (37:08) -- Quartet movement in F major, B. 120 (9:16) -- String quartet no. 12 in F major, op. 96, B. 179 : American (26:23). 
500 |a Sound recording. 
650 0 |a String quartets. 
700 1 2 |a Dvořák, Antonín,  |d 1841-1904.  |t Quartets,  |m violins (2), viola, cello,  |n B. 121,  |r C major. 
700 1 2 |a Dvořák, Antonín,  |d 1841-1904.  |t Quartets,  |m strings,  |n B. 120,  |r F major. 
700 1 2 |a Dvořák, Antonín,  |d 1841-1904.  |t Quartets,  |m violins (2), viola, cello,  |n B. 179,  |r F major. 
710 2 |a Panochovo kvarteto. 
740 0 |a Complete chamber works. 
994 |a E0  |b TXA 
948 |a cataloged  |b h  |c 2002/7/31  |d c  |e fpiscitelli  |f 12:01:55 pm 
999 |a MARS 
999 f f |s 55724887-7341-33b0-9bbd-ef0f17f2d145  |i 58ca3d5f-6d1f-3ebb-b1ad-94269c2d3e92  |t 0 
952 f f |p ric  |a Texas A&M University  |b Rellis Campus  |c Joint Library Facility  |d Remote Storage  |t 0  |e M178.D99 C46 v. 8  |h Library of Congress classification  |i audio -- audio disc  |m A14828998737 
998 f f |a M178.D99 C46 v. 8  |t 0  |l Remote Storage